000 00428nam a2200205Ia 4500
001 11750
003 GE_BSU
008 181216s||||||||xx |||||||||||||| ||und||
020 _a9780099527497
040 _cGE_BSU
080 _a821.111-312.4
100 _aHarris,Robert
245 4 _aThe Ghost
260 _aLondon
260 _bArrow Books
260 _c2008
300 _a400p.20cm.
653 _aThe Ghost
942 _cBK
999 _c44929
_d44929